| 000 | 00759nam a22003010a 4500 | ||
|---|---|---|---|
| 001 | PT61525 | ||
| 003 | AR-LpoUNG | ||
| 005 | 20210131232032.0 | ||
| 008 | 191001s2006||||xxk|||||||||||||||||eng d | ||
| 020 |
_a0521672082 _c$27.00 |
||
| 040 |
_aAR-LpoUNG _bspa _cAR-LpoUNG _eaacr |
||
| 041 | _aeng | ||
| 044 | _axxk | ||
| 082 | 0 | _a428 13bus | |
| 100 | 1 | _aIbbotson, Mark | |
| 245 | 1 | 0 |
_aBusiness start-up 2 : _bworkbook |
| 250 | _a1ra. ed. | ||
| 260 |
_aCambridge : _bCambridge University, _c2006. |
||
| 300 |
_a68 p. : _bgráfs. |
||
| 650 | 4 | _aENSEÑANZA DE IDIOMAS | |
| 650 | 4 | _aGRAMATICA | |
| 650 | 4 | _aLABORATORIOS DE IDIOMAS | |
| 650 | 4 | _aLENGUA INGLESA | |
| 650 | 4 | _aNEGOCIOS | |
| 700 | 1 | _aStephens, Bryan | |
| 905 | _a61525 | ||
| 942 | _cLIB | ||
| 999 |
_c13401 _d13401 |
||